[Event "ARM-ch Club 2018"]
[Site "Yerevan"]
[Date "2018.06.10"]
[Round "3"]
[White "Kalantaryan, Norayr"]
[Black "Davtyan, Artur"]
[Result "1/2-1/2"]
[WhiteElo "2381"]
[BlackElo "2349"]
[Annotator "NA"]
[PlyCount "103"]
[EventDate "2018.??.??"]
[EventCountry "ARM"]
[SourceTitle "playchess.com"]
[Source "ChessBase"]
[SourceQuality "1"]
[TimeControl "5400+30"]

1. d4 {[%emt 0:00:00]} d5 {[%emt 0:00:05]} 2. c4 {[%emt 0:00:00]} e6 {[%emt 0:00:03]} 3. Nc3 {[%emt 0:00:00]} Be7 {[%emt 0:00:04]} 4. cxd5 {[%emt 0:00:37]} exd5 {[%emt 0:00:02]} 5. Bf4 {[%emt 0:00:08]} c6 {[%emt 0:00:03]} 6. e3 {[%emt 0:00:05]} Bf5 {[%emt 0:00:29]} 7. Bd3 {[%emt 0:02:24]} Bxd3 {[%emt 0:00:24]} 8. Qxd3 {[%emt 0:00:06]} Nf6 {[%emt 0:00:12]} 9. Nf3 {[%emt 0:00:14]} Nbd7 {[%emt 0:00:38]} 10. O-O {[%emt 0:00:26]} O-O {[%emt 0:03:10]} 11. h3 {[%emt 0:02:23]} Re8 {[%emt 0:00:27]} 12. Ne5 {[%emt 0:02:30]} Bf8 {[%emt 0:04:27]} 13. Rad1 {[%emt 0:02:22]} Re6 {[%emt 0:13:14]} 14. Bh2 {[%emt 0:06:55]} Bd6 {[%emt 0:09:49]} 15. f4 {[%emt 0:05:21]} Re8 {[%emt 0:09:47]} 16. g4 {[%emt 0:04:53]} Qe7 {[%emt 0:12:34]} 17. g5 {[%emt 0:08:48]} Ne4 {[%emt 0:17:23]} 18. Nxe4 {[%emt 0:01:36]} dxe4 {[%emt 0:00:03]} 19. Qxe4 {[%emt 0:15:08]} f6 {[%emt 0:00:07]} 20. gxf6 {[%emt 0:08:00]} gxf6 {[%emt 0:00:09]} 21. Nxd7 {[%emt 0:00:32]} Qxd7 {[%emt 0:00:02]} 22. Qf3 {[%emt 0:00:05]} Qf5 {[%emt 0:02:33]} 23. Rfe1 {[%emt 0:04:42]} Re4 {[%emt 0:06:54]} 24. Qg4+ {[%emt 0:02:16]} Qg6 {[%emt 0:02:46]} 25. Bg3 {[%emt 0:04:52]} Kf7 {[%emt 0:03:42]} 26. Kg2 {[%emt 0:02:04]} f5 {[%emt 0:00:37]} 27. Qxg6+ {[%emt 0:00:11]} hxg6 {[%emt 0:00:07]} 28. Kf3 {[%emt 0:01:12]} Rh8 {[%emt 0:01:34]} 29. h4 {[%emt 0:00:44]} Be7 {[%emt 0:07:30]} 30. Rh1 {[%emt 0:00:12]} Ke6 {[%emt 0:02:41]} 31. Bf2 {[%emt 0:00:28]} Kd5 {[%emt 0:01:22]} 32. Rdg1 {[%emt 0:10:43]} Re6 {[%emt 0:00:01]} 33. Rc1 {[%emt 0:00:29]} Rh7 {[%emt 0:01:16]} 34. Bg3 {[%emt 0:00:37]} Rh8 {[%emt 0:01:15]} 35. Rh2 {[%emt 0:00:07]} Rh5 {[%emt 0:00:44]} 36. Rc3 {[%emt 0:00:34]} Rh7 {[%emt 0:00:15]} 37. Rb3 {[%emt 0:00:26]} b6 {[%emt 0:01:59]} 38. Rc3 {[%emt 0:00:27]} Bb4 {[%emt 0:00:01]} 39. Rc1 {[%emt 0:00:35]} Be7 {[%emt 0:00:47]} 40. a3 {[%emt 0:01:38]} Rh8 {[%emt 0:00:38]} 41. b4 {[%emt 0:01:12]} Rh7 {[%emt 0:00:34]} 42. Rb1 {[%emt 0:00:35]} a6 {[%emt 0:00:04]} 43. Rbb2 {[%emt 0:04:14]} Rh8 {[%emt 0:00:08]} 44. Be1 {[%emt 0:00:06]} Bd8 {[%emt 0:01:13]} 45. a4 {[%emt 0:01:50]} b5 {[%emt 0:00:35]} 46. axb5 {[%emt 0:02:19]} axb5 {[%emt 0:00:23]} 47. Ra2 {[%emt 0:00:26]} Rhe8 {[%emt 0:00:37]} 48. Rhe2 {[%emt 0:02:31]} Bb6 {[%emt 0:00:29]} 49. Bf2 {[%emt 0:01:29]} Bc7 {[%emt 0:00:28]} 50. Ra3 {[%emt 0:01:44]} Bd6 {[%emt 0:00:01]} 51. Be1 {[%emt 0:00:10]} Re4 {[%emt 0:00:16]} 52. Raa2 {[%emt 0:00:37]} 1/2-1/2

[Event "ARM-ch Club 2018"]
[Site "Yerevan"]
[Date "2018.06.10"]
[Round "3"]
[White "Davtyan, David Arm"]
[Black "Ter-Sahakyan, Samvel"]
[Result "0-1"]
[WhiteElo "1958"]
[BlackElo "2546"]
[Annotator "TA"]
[PlyCount "50"]
[EventDate "2018.??.??"]
[EventCountry "ARM"]
[SourceTitle "playchess.com"]
[Source "ChessBase"]
[SourceQuality "1"]

{[%evp 17,50,21,4,-8,24,-20,6,34,50,22,45,11,31,-55,-72,-117,-75,-197,-140,-122,-137,-129,-157,-147,-124,-138,-106,-279,-275,-267,-261,-610,-602,-569,-585]} 1. d4 f5 2. Nf3 Nf6 3. c4 g6 4. Nc3 Bg7 5. g3 O-O 6. Bg2 d6 7. O-O c6 8. Qc2 Na6 9. Rd1 Qe8 {LiveBook: 5 Partien. A88: Holländische Verteidigung (Leningrader Variante)} (9... Bd7 10. b3 Kh8 11. Bb2 Qe8 12. Ba3 h6 13. Rac1 g5 14. e3 Qh5 15. Qe2 Rae8 16. Ne1 Qg6 17. Qc2 {1-0 (78) Aronian,L (2803)-Ponomariov,R (2731) Beijing 2013}) 10. h3 $146 ({Vorgänger:} 10. d5 cxd5 11. cxd5 Bd7 12. Nd4 Kh8 13. h3 {½-½ (13) Bogdan,D (2382)-Vajda,A (2442) Calimanesti 2014}) 10... h6 11. Be3 g5 {Die Stellung ist ausgeglichen.} 12. d5 c5 13. a3 Bd7 14. Rab1 Rc8 15. h4 (15. Bd2 $14) 15... Ng4 $1 $15 16. Bc1 f4 $1 17. hxg5 (17. gxf4 $17 {war angesagt.} gxf4 18. Ra1) 17... fxg3 (17... Bf5 $19 18. Rd3 hxg5 19. gxf4 gxf4) 18. fxg3 $17 Qh5 $1 {Weiss muss nun ...Ld4+! beachten.} 19. gxh6 Bd4+ $1 20. Rxd4 cxd4 21. Ne4 Bf5 {[%cal Bd7f5,Bf5h7,Bh7b1][%mdl 32] ...b5 ist eine echte Drohung.} 22. Nh4 $2 {[#]} (22. b4 $17 {war erzwungen.}) 22... Bh7 $1 $19 ({Weniger gut wäre} 22... Nxh6 23. Qd2 $15) 23. Qd2 {[#]} Nc5 $1 {[%cal Rc5e4]} ({Schwächer ist} 23... Rxc4 24. b3 $15) 24. Ng5 $2 (24. Qxd4 Ne5 25. Bf4 (25. Bf3 $2 Rxf3 26. exf3 Qxf3 $19)) 24... Bxb1 25. Qxd4 {[%csl Gh6][%cal Rd4g7]} Ne5 {Precision: Weiß = 15%, Schwarz = 59%.} 0-1

[Event "ARM-ch Club 2018"]
[Site "Yerevan"]
[Date "2018.06.10"]
[Round "3"]
[White "Vardanyan, Aram"]
[Black "Harutjunyan, Gevorg"]
[Result "1/2-1/2"]
[WhiteElo "1866"]
[BlackElo "2428"]
[Annotator "TA"]
[PlyCount "141"]
[EventDate "2018.??.??"]
[EventCountry "ARM"]
[SourceTitle "playchess.com"]
[Source "ChessBase"]
[SourceQuality "1"]

{[%evp 9,141,37,46,47,39,51,62,28,52,22,22,-6,16,0,22,-33,-39,-36,-48,-40,-3,-123,45,44,24,16,197,135,144,172,203,140,140,135,140,140,140,130,150,148,299,290,275,275,426,252,277,288,288,297,293,285,363,357,437,429,376,360,445,356,391,395,622,616,583,297,297,288,293,286,293,239,272,252,275,237,270,266,264,191,168,135,186,165,183,186,287,275,260,172,284,272,271,172,172,172,172,6,6,6,172,172,179,0,0,0,0,0,0,0,0,0,0,0,0,0,0,0,0,0,0,0,0,0,0,0,0,0,0,0,0,0,0,0]} 1. d4 Nf6 2. Nc3 d6 3. e4 g6 4. f3 Bg7 5. Be3 a6 6. Qd2 {B07: Pirc Defence: Miscellaneous Systems} b5 7. O-O-O Bb7 8. h4 {White is slightly better.} h5 9. Nh3 Nbd7 10. Nf2 (10. Ng5 e6 11. Kb1 Qe7 12. Ne2 Rd8 13. g3 c6 14. Bh3 e5 15. Qa5 exd4 16. Bxd4 c5 17. Qc7 Ne5 18. Qxd8+ Qxd8 19. Bxe5 {0-1 (30) Brkic,A (2590)-Sjugirov,S (2652) Batumi 2018}) 10... Nb6 11. Bd3 Qc8 $146 ({Predecessor:} 11... e6 12. Kb1 Qe7 13. Bg5 e5 14. dxe5 dxe5 15. f4 O-O 16. f5 c5 {0-1 (40) Ros Alonso,J (1961)-Jimenez Fernandez,R (1697) Padron 2017}) 12. g4 (12. e5 $11 Nfd5 13. Nxd5 Nxd5 14. Bg5) 12... b4 $15 13. Ne2 c5 $1 14. dxc5 dxc5 15. Rdg1 (15. gxh5 $1 $11 {remains equal.} Nxh5 16. c3) 15... Nfd7 $2 ({Black should play} 15... hxg4 $17 16. Nxg4 Nxg4 17. Rxg4 Nd7) 16. gxh5 $1 $14 c4 17. hxg6 {Black must now prevent Bxb6.} f5 $2 (17... cxd3 $6 18. gxf7+ Kf8 19. Nd4 $16 (19. Qxd3 Nc4 $14)) (17... Bxb2+ $11 18. Kb1 (18. Kxb2 $2 c3+ 19. Ka1 cxd2 $19) 18... cxd3 19. cxd3 Bf6) 18. Bd4 (18. Qxb4 a5 $15) (18. Kb1 $18) 18... e5 {[#]} 19. Bxb6 $1 Nxb6 20. Qxb4 cxd3 21. Nxd3 Qc7 22. Ng3 (22. exf5 Bxf3 23. Nc3 Bxh1 $11) 22... fxe4 23. fxe4 O-O-O {And now ...Rxd3 would win.} 24. Kb1 Nc4 $2 {[#]} (24... Bf8 $16 25. Qe1 Na4) 25. Nc5 $1 $18 Nd2+ 26. Ka1 Nf3 (26... Bf8 $142 27. Qxb7+ Qxb7 28. Nxb7 Kxb7) 27. Rd1 ({And not} 27. Nxb7 Rd4 $14) ({Weaker is} 27. Qxb7+ Qxb7 28. Nxb7 Kxb7 $14) (27. Rf1 $142) 27... Nd4 28. Qxb7+ Qxb7 29. Nxb7 Kxb7 30. Kb1 Rdf8 31. c3 Rf3 32. Rhg1 ({Worse is} 32. cxd4 Rxg3 33. dxe5 Rxg6 $11) 32... Ne6 33. Nf5 Kc7 34. Rd5 Bf6 35. Rgd1 Rd8 (35... Nf8 $142 36. g7 Bxg7 37. Nxg7 Rxh4 38. Rxe5 Rf7 39. Ne8+ Kb6) 36. Rxd8 Bxd8 37. g7 Nxg7 38. Nxg7 Bxh4 {[%mdl 4096] Endgame KRB-KRN} 39. Rd5 Bg3 40. Nh5 Bh2 41. Rd2 Bg1 42. Re2 a5 43. Kc2 a4 44. a3 Kc6 45. Ng7 Be3 (45... Bc5 $16 46. Nf5 Rf4) 46. Nf5 Bf4 47. b3 Rf1 (47... axb3+ {might work better.} 48. Kxb3 Rf1) 48. bxa4 Kc5 49. Ne3 Ra1 (49... Bxe3 {was called for.} 50. Rxe3 Kc4) 50. Kb2 Rg1 51. a5 Bxe3 52. Rxe3 {KR-KR} Kc4 53. a6 $2 (53. Rh3 $18) 53... Rg2+ $11 54. Kc1 {a7 is the strong threat.} Ra2 $2 (54... Rg6 $1 $11 {and Black stays safe.}) 55. Rh3 $18 Rxa3 56. Kb2 $2 (56. Rh6 $18) 56... Rxa6 $11 {The position is equal.} 57. Rh8 Kd3 58. Rd8+ Kxe4 59. c4 Kf3 60. Kb3 e4 {[%cal Be5e4,Be4e3][%mdl 32]} 61. Kb4 e3 62. Re8 e2 63. c5 {[#]} Ra8 $1 {[%mdl 512]} 64. Re7 (64. Rxa8 e1=Q+) 64... Rb8+ 65. Ka5 Rb3 {[#]} 66. Rxe2 $1 {[%mdl 512]} Kxe2 67. c6 Kd3 68. c7 Rc3 69. Kb6 Kd4 70. Kb7 {[#]} Rxc7+ $1 {[%mdl 512]} 71. Kxc7 {Precision: White = 59%, Black = 36%.} 1/2-1/2